Introduction to artificial intelligence / (Record no. 193390)

000 -LEADER
fixed length control field 00865 a2200205 4500
003 - CONTROL NUMBER IDENTIFIER
control field Nust
005 - DATE AND TIME OF LATEST TRANSACTION
control field 20230608140836.0
010 ## - LIBRARY OF CONGRESS CONTROL NUMBER
LC control number 74002488
020 ## - INTERNATIONAL STANDARD BOOK NUMBER
International Standard Book Number 0884050300
040 ## - CATALOGING SOURCE
Transcribing agency Nust
082 00 - DEWEY DECIMAL CLASSIFICATION NUMBER
Classification number 006.3,JAC
100 1# - MAIN ENTRY--PERSONAL NAME
Personal name Jackson, Philip C.,
9 (RLIN) 94031
245 10 - TITLE STATEMENT
Title Introduction to artificial intelligence /
Statement of responsibility, etc. [by] Philip C. Jackson, Jr.
250 ## - EDITION STATEMENT
Edition statement 1st ed.
260 ## - PUBLICATION, DISTRIBUTION, ETC.
Place of publication, distribution, etc. New York,
Name of publisher, distributor, etc. Petrocelli Books,
Date of publication, distribution, etc. 1974.
300 ## - PHYSICAL DESCRIPTION
Extent xv, 453 p.
Other physical details illus.
Dimensions 25 cm.
505 ## - FORMATTED CONTENTS NOTE
Formatted contents note Introduction (Page-1), Mathematics, Phenomena , Machines (Page-33), Problem Solving (Page-67), Game Playing (Page-117), Pattern Perception (Page-169), Theorem Proving (Page-215), Semantic Information Processing (Page-273), Parallel Processing and Evolutionary Systems (Page-343), TehHarvest of Artificial Intelligence (Page-387).
650 #0 - SUBJECT ADDED ENTRY--TOPICAL TERM
Topical term or geographic name entry element Artificial intelligence.
942 ## - ADDED ENTRY ELEMENTS (KOHA)
Source of classification or shelving scheme
Koha item type Book
Holdings
Withdrawn status Lost status Source of classification or shelving scheme Damaged status Not for loan Permanent Location Current Location Shelving location Date acquired Full call number Barcode Date last seen Price effective from Koha item type Public note
          Military College of Signals (MCS) Military College of Signals (MCS) General Stacks 12/12/2016 006.3,JAC MCS3385 12/08/2016 12/12/2016 Book Almirah No.109, Shelf No.3
© 2023 Central Library, National University of Sciences and Technology. All Rights Reserved.